000 00999nam a2200265Ia 4500
003 OSt
005 20221005111300.0
006 a|||||r|||| 00| 0
007 ta
008 221004b |||||||| |||| 00| 0 hin d
020 _a9789350723807 (hbk)
_c250
024 _a20019
037 _b515, 21/03/2015, Vani Prakashan
_cTextual
040 _aCRL
_cCRL
_bhin
041 _2hin
_ahin
082 _aO152,1M65,11, Q4
100 _aउपाध्याय, अयोध्यासिंह, ‘हरिऔध’
_9162381
245 0 _aप्रियप्रवास
246 _aPriyapravāsa
260 _aनई दिल्ली
_bवाणी प्रकाशन भारत
_c2014
300 _a256पृ0
_ccm.
650 _aहिन्दी साहित्य
942 _hO152,1M65,11, Q4
_cTEXL
_2cc
999 _c1021370
_d1021370